000 00669cam a22002411 4500
001 sa 67006972
003 DLC
005 20260227112411.0
008 950302s1965 ii 000 0 beno
010 _asa 67006972
025 _aPL480:I-B-2823
035 _a(OCoLC)32076441
040 _aDLC
_cCU
_dCU
_dDLC
042 _apremarc
050 0 0 _aLB2947
_b.B48
100 1 _aBhattacharya, Srinibas,
_d1921-
245 1 0 _aŚikshāra cāradika.
260 _c[1965]
300 _a12, 300 p.
_c22 cm.
500 _aIn Bengali.
650 0 _aTeachers
_zIndia
_vHandbooks, manuals, etc.
650 0 _aSchool management and organization
_zIndia
_vHandbooks, manuals, etc.
999 _c76258
_d76258